THE SHORT TB. OF NURSING EDUCATION (Record no. 2403)

MARC details
000 -LEADER
fixed length control field 00350nam a2200145Ia 4500
008 - FIXED-LENGTH DATA ELEMENTS--GENERAL INFORMATION
fixed length control field 150201s2011 xx 000 0 und d
082 ## - DEWEY DECIMAL CLASSIFICATION NUMBER
Classification number 610.7
Item number S11V
100 ## - MAIN ENTRY--PERSONAL NAME
Personal name VEERABHADRAPPA, G.M.
245 ## - TITLE STATEMENT
Title THE SHORT TB. OF NURSING EDUCATION
250 ## - EDITION STATEMENT
Edition statement 1ST
260 ## - PUBLICATION, DISTRIBUTION, ETC. (IMPRINT)
Name of publisher, distributor, etc. JAYPEE
Place of publication, distribution, etc. DELHI
Date of publication, distribution, etc. 2011
300 ## - PHYSICAL DESCRIPTION
Extent 225
650 ## - SUBJECT ADDED ENTRY--TOPICAL TERM
Topical term or geographic name as entry element NURSING
942 ## - ADDED ENTRY ELEMENTS (KOHA)
Source of classification or shelving scheme Dewey Decimal Classification
Koha item type Books
Koha issues (borrowed), all copies 33
Holdings
Withdrawn status Lost status Source of classification or shelving scheme Damaged status Not for loan Collection code Home library Current library Shelving location Date acquired Source of acquisition Cost, normal purchase price SGTU Bill Number Total Checkouts Total Renewals Full call number Barcode Date last seen Date last checked out Bill Date Koha item type
    Dewey Decimal Classification     NURSING SGT Medical Library SGT Medical Library Text Book 06/09/2014 ABC DELHI 225.00 SGTU 4671 13 1 610.7 S11V FN2107 09/04/2024 09/04/2024 06/09/2014 Books
    Dewey Decimal Classification     NURSING SGT Medical Library SGT Medical Library Text Book 06/09/2014 ABC DELHI 225.00 SGTU 4671 22   610.7 S11V FN2108 30/01/2025 21/01/2025 06/09/2014 Books
    Dewey Decimal Classification     NURSING SGT Medical Library SGT Medical Library Text Book 06/09/2014 ABC DELHI 225.00 SGTU 4671 8   610.7 S11V FN2109 01/04/2024 29/03/2024 06/09/2014 Books